| 000 | 01210nam0a2200313 i 4500 | ||
|---|---|---|---|
| 001 | RU\NLR\BIBL_A\010774664 | ||
| 005 | 20240921103537.0 | ||
| 010 |
_a9785905283277 _950 |
||
| 021 |
_aRU _b2015-30303 _91798 |
||
| 035 | _a(NILC)RuMoRGB-007915305 | ||
| 035 | _a(NLR Aleph) 010774664 | ||
| 090 |
_a10037257 _c10037257 |
||
| 100 | _a20150603d2015 um y0rusy50 ca | ||
| 101 | 0 | _arus | |
| 102 | _aRU | ||
| 105 | _aa|||z|||000yy | ||
| 200 | 1 |
_aИспользование IT-специалистами виртуальной машины VMware Workstation 11 _e[методические рекомендации] _fКостеж В. А., Галашина Н. Е. |
|
| 210 |
_aСанкт-Петербург _cАураИнфо _d2015 |
||
| 215 |
_a80 с. _cил., табл. _d21 |
||
| 606 | 1 |
_aVMWARE WORKSTATION 11, пакет прикладных программ _92235668 _3RU\NLR\AUTH\6601573661 |
|
| 610 | 0 | _aVMware Workstation 11 - платформа виртуализации | |
| 686 | 1 | _aЗ973.2-018 | |
| 700 | 1 |
_aКостеж _bМ.К. |
|
| 701 | 1 |
_aГалашина _bН. Е. |
|
| 801 | 0 |
_aRU _bРГБ _c20150420 _gRCR |
|
| 942 | _cBOOK | ||
| 980 | _aNBR | ||